Les 100 meilleurs joueurs de EA sport FC 24 - Statistiques

Statistiques générales
  • Ce quiz a été pris 2 278 fois
  • Le résultat moyen est 61 sur 100
Statistiques - réponses
Rang Note Poste Joueurs Club % Correct
1 91 BU Kylian Mbappe Paris Saint Germain
100%
2 91 BU Erling Haaland Manchester City
97%
4 90 AC Lionel Messi Inter Miami
97%
6 90 G Thibaut Courtois Real Madrid
95%
3 91 MC Kevin De Bruyne Manchester City
94%
9 89 AD Mohamed Salah Liverpool
94%
8 90 BU Robert Lewandowski FC Barcelone
94%
7 90 BU Harry Kane Bayern Munich
93%
5 90 AC Karim Benzema Al-Ittihad
93%
12 89 MDC Rodri Manchester City
92%
11 89 AG Vinicius Junior Real Madrid
92%
19 88 BU Antoine Griezmann Atletico Madrid
90%
16 89 G Alisson Liverpool
89%
14 89 G Marc-André Ter Stegen FC Barcelone
89%
13 89 AG Neymar Jr. Al-Hilal
89%
15 89 DC Virgil van Dijk Liverpool
88%
10 89 DC Ruben Dias Manchester City
86%
59 86 BU Cristiano Ronaldo Al-Nassr
85%
26 87 MC Luka Modric Real Madrid
84%
23 88 G Ederson Manchester City
83%
18 88 MOC Bruno Fernandes Manchester United
82%
28 87 BU Lautaro Martinez Inter Milan
82%
21 88 MC Bernardo Silva Manchester City
80%
17 89 MDC Casemiro Manchester United
80%
33 87 AG Heung Min Son Tottenham
80%
35 87 G Manuel Neuer Bayern Munich
80%
36 86 AD Ousmane Dembélé Paris Saint Germain
80%
78 85 G Emilliano Martinez Aston Villa
79%
25 88 G Jan Oblak Atletico Madrid
79%
24 88 MDC Joshua Kimmich Bayern Munich
78%
31 87 DC Marquinhos Paris Saint Germain
78%
30 87 G Mike Maignan AC Milan
78%
40 86 MC Pedri FC Barcelone
78%
54 86 MC Toni Kroos Real Madrid
78%
37 86 AD Bukayo Saka Arsenal
76%
39 86 AG Rafael Leao AC Milan
74%
27 87 MC Frenkie de Jong FC Barcelone
73%
34 87 G Gianluigi Donnarumma Paris Saint Germain
73%
20 88 BU Victor Osimhen Naples
73%
22 88 MC Federico Valverde Real Madrid
72%
98 84 DC Thiago Silva Chelsea
70%
29 87 MOC Martin Odegaard Arsenal
69%
53 86 AC Sadio Mané Al-Nassr
66%
32 87 G Gregor Kobel Borussia Dortmund
65%
84 85 DC Antonio Rüdiger Real Madrid
64%
38 86 MC Jude Bellingham Real Madrid
64%
60 86 DD Trent Alexander-Arnold Liverpool
64%
57 86 MDC N'Golo Kanté Al-ittihad
62%
51 86 DG Andrew Robertson Liverpool
61%
44 86 MOC Jamal Musiala Bayern Munich
61%
55 86 DC Eder Militao Real Madrid
59%
72 85 AG Phil Foden Manchester City
59%
85 85 AD Rodrygo Real Madrid
59%
46 86 DC Ronald Araujo FC Barcelone
59%
79 85 G Keylor Navas Paris Saint Germain
58%
74 85 DG Théo Hernandez AC Milan
56%
62 85 AG Jack Grealish Manchester City
55%
45 86 MC Nicolo Barella Inter Milan
55%
64 85 DC David Alaba Real Madrid
53%
91 85 MOC Florian Wirtz Bayer Leverkusen
51%
80 85 G André Onana Manchester United
50%
83 85 MDC Declan Rice Arsenal
49%
76 85 DC Jules Koundé FC Barcelone
49%
47 86 MC Paulo Dybala AS rome
49%
42 86 MDC Sandro Tonali Newcastle
49%
48 86 MC Ilkay Gündogan FC Barcelone
48%
52 86 MC Parejo Villareal
48%
70 85 MG Kingsley Coman Bayern Munich
47%
65 85 BU Iago Aspas Celta Vigo
46%
43 86 MD Riyad Mahrez Al-hali
46%
56 86 AC Christopher Nkunku Chelsea
45%
75 85 BU Ciro Immobile Lazio
45%
41 86 DC Matthijs de Ligt Bayern Munich
45%
58 86 DG Joao Cancelo FC Barcelone
44%
86 85 DC John Stones Manchester City
43%
82 85 AG Marcus Rashford Manchester United
43%
87 85 AC Diogo Jota Liverpool
42%
89 85 DD Kieran Trippier Newcastle
42%
77 85 DC Aymeric Laporte Al-Nassr
40%
66 85 DC Alessandro Bastoni Inter Milan
39%
73 85 MC Leon Goretzka Bayern Munich
39%
68 85 G Yassine Bounou Al-hilal
39%
50 86 AG Khvicha Kvaratskhelia Naples
38%
88 85 G Kevin Trapp Franckfurt
37%
90 85 DC Raphaël Varane Manchester United
37%
71 85 DD Giovanni Di Lorenzo Naples
35%
49 86 MC Sergej Milinković-Savić Al-hilal
35%
81 85 MDC Thomas Partey Arsenal
35%
67 85 AD Domenica Berardi Sassuolo
32%
94 84 MOC Julian Brandt Borussia Dortmund
32%
100 84 MC Rodrigo Javier De Paul Atletico Madrid
31%
61 86 G Wojciech Szczęsny Juventus
29%
63 85 DG Marcos Acuna FC Séville
28%
97 84 MG Federico Chiesa Juventus
27%
69 85 MC Hakan Çalhanoğlu Inter Milan
26%
93 84 MDC Ismaël Bennacer AC Milan
23%
99 84 MDC Rúben Neves Al-Hilal
23%
92 84 MC Thiago Liverpool
21%
96 84 G Koen Casteels Wolfsburg
19%
95 84 MG Yannick Carrasco Al-shabab
15%
Aucun quiz correspondant
Distribution des résultats
% des personnes avec chaque résultat
Percentile par nombre de réponses
Votre historique - résultats
Vous n’avez pas pris ce quiz